Valtioiden maamerkkejä #2 - Statistics

Yleistilastot
  • Tätä visaa on pelattu 394 kertaa
  • Keskiarvotulos 13 / 22
Vastaustilastot
Maamerkki Valtio % Oikein
Eiffel-torni Ranska
100%
Grand Canyon Yhdysvallat
99%
Fuji Japani
89%
Stonehenge Yhdistynyt kuningaskunta
88%
Pieni merenneito -patsas Tanska
86%
Brandenburgin portti Saksa
81%
Uluru Australia
78%
Sagrada Família Espanja
69%
Parthenon Kreikka
68%
Pantheon (alkuperäinen) Italia
64%
Sognevuono Norja
64%
Teotihuacán Meksiko
59%
Luxorin temppeli Egypti
52%
Sininen moskeija Turkki
45%
Lootustemppeli Intia
43%
Krakatau Indonesia
42%
Persepolis Iran
39%
Angelinputous Venezuela
32%
Palmusaaret Yhdistyneet arabiemiraatit
23%
Potala-palatsi Kiina
18%
Kotorinlahti Montenegro
17%
Merlion-patsas Singapore
17%
Ehtoja vastaavia visoja ei löytynyt
Tulosjakauma
Jokaisen tuloksen saaneiden osuus
Persentiili vastausten määrän mukaan
Tuloshistoriasi
Et ole pelannut tätä visaa